000 00934cab a2200265 4500
001 ABS52451
008 090401t1995 xxu||||| |||| 00| 0 eng d
035 _a(Sirsi) u79010
041 _aeng
100 _aLawson, D.
245 _aInflated opinions
260 _c1995
350 _a0
490 _aProperty Week
_v50(11) 16 March 1995, 20-21(2)
520 _aThe Barber White Property Economics report "Property and inflation: the hedging characteristics of commercial property" (£175), argues that the close connection hitherto believed to exist between property values and inflation may no longer be relied upon.
650 _aCAPITAL VALUES
650 _aPROPERTY-COMMERCIAL PROPERTY
650 _aHEDGING
650 _aINFLATION
650 _aPERFORMANCE
650 _aPROPERTY PRICES
690 _aPROPERTY-COMMERCIAL PROPERTY-COMMERCIAL PROPERTY FINANCE AND INVESTMENT
942 _n0
948 _c04/03/1997
999 _c49649
_d49649